000 01320nam a22001577a 4500
008 170220b xxu||||| |||| 00| 0 eng d
020 _a9780779851515
050 _aKE5759.T27
245 _aTax planning for you and your family. /
_cedited by Carol Bethune.
260 _aToronto:
_bKPMG,
_c2012.
300 _av, 363p. :
_bill. ;
_c23cm.
500 _aIncludes index.
505 _aContents: Tips for achieving your financial goals -- Tips for claiming tax deductions and credits -- RRSPs and other tax-assisted retirement plans -- TFSAs and other tax-assisted savings plans -- Reducing your family tax's bill through income splitting -- Capital gains and losses -- Investments -- Charitable donations -- Dealing with the tax collectors -- If you are employed -- If you are self-employed -- If you use automobile for business -- If you are moving -- If you have your own corporation -- Farming -- If you practise a profession -- If you live in Quebec -- If you are a US citizen in Canada -- If you visit, work or own property in the US -- Planning for your retirement -- Estate planning -- If you are an executor or estate trustee -- Appendix i: Federal and provincial income tax ratess and brackets for 2012 -- Appendix ii: Federal and provincial tax credits for 2012.
700 _aBethune, Carol.
942 _2lcc
_cBK
999 _c6290
_d13790